banner-ar

حول الفكرة العربية فى مصر: (Record no. 36200)

MARC details
000 -الفاتح
حقل البيانات ثابتة الطول 00958nam a2200253Ia 4500
005 - وقت وتاريخ اخر تعامل مع التسجيلة
رقم الضبط 20240530103023.0
008 - عناصر البيانات ثابتة الطول - معلومات عامة
حقل البيانات ثابتة الطول 140319s9999 xx 000 0 ara d
040 ## - مصدر الفهرسة
وكالة الفهرسة الأصلية GCL /
وكالة النسخ GCL
082 04 - رقم تصنيف ديوى العشرى
رقم التصنيف 962
رقم المادة ق/ف ح
100 1# - المدخل الرئيسى - إسم شخصى
الإسم الشخصى فؤاد المرسى خاطر
245 10 - بيان العنوان
العنوان حول الفكرة العربية فى مصر:
بيان المسئوليه,etc فؤاد المرسى خاطر ؛ اشراف يونان لبيب رزق
بقية العنوان دراسة فى تاريخ الفكر السياسى المصرى المعاصر /
260 ## - PUBLICATION, DISTRIBUTION, ETC. (IMPRINT)
تاريخ النشر أو التوزيع 1985
300 ## - الوصف المادى
التعداد 258 ص ؛
أبعاد الوعاء 19 سم
490 ## - بيان السلسلة
عنوان السلسلة مصر النهضة
رقم المجلد/ التعيين التسلسلي 0
650 04 - المدخل الاضافى بالموضوع-مصطلح موضوعى
مصطلح موضوعي العصر الحديث
650 04 - المدخل الاضافى بالموضوع-مصطلح موضوعى
مصطلح موضوعي مصر
650 04 - المدخل الاضافى بالموضوع-مصطلح موضوعى
مصطلح موضوعي تاريخ
650 04 - المدخل الاضافى بالموضوع-مصطلح موضوعى
مصطلح موضوعي الوحدة العربية
650 04 - المدخل الاضافى بالموضوع-مصطلح موضوعى
مصطلح موضوعي ثورة 23 يوليو 1952
650 04 - المدخل الاضافى بالموضوع-مصطلح موضوعى
مصطلح موضوعي القومية العربية
700 ## - المدخل الاضافى - اسم شخصى
الإسم الشخصى يونان لبيب رزق
الدور اشراف
942 ## - عناصر المدخل الإضافي( كوها)
مصدر التصنيف او مخطط الترفيف Dewey Decimal Classification
Koha [default] item type كتاب
260 ## - PUBLICATION, DISTRIBUTION, ETC. (IMPRINT)
-- القاهرة :
-- الهيئة المصرية العامة للكتاب ،
Holdings
حالة التراجع حالة الفقد حالة تلف ليس للاعارة المكان المؤقت الموقع الحالى تاريخ الاكتساب اجمالي اﻻعارات رقم الطلب الباركود تاريخ اخر مشاهدة تاريخ تفعيل السعر نوع وعاء كوها
        مكتبة القاهرة الكبرى مكتبة القاهرة الكبرى 03/26/2014   962 ق/ف ح 88089 03/26/2014 03/26/2014 كتاب
        مكتبة القاهرة الكبرى مكتبة القاهرة الكبرى 03/26/2014   962 ق/ف ح 88090 03/26/2014 03/26/2014 كتاب
        مكتبة القاهرة الكبرى مكتبة القاهرة الكبرى 03/26/2014   962 ق/ف ح 88091 03/26/2014 03/26/2014 كتاب
        مكتبة القاهرة الكبرى مكتبة القاهرة الكبرى 03/26/2014   962 ق/ف ح 88092 03/26/2014 03/26/2014 كتاب

Powered By

EGPV